| LEADER | 01747nam a2200253 4500 | ||
|---|---|---|---|
| 082 | |a 410 |b H450L | ||
| 100 | |a Hồ Lê | ||
| 245 | |a Quy luật ngôn ngữ |c Hồ Lê | ||
| 260 | |a H. |b Khoa học xã hội |c 1996. | ||
| 300 | |a 584tr |c 19cm. | ||
| 520 | |a v...v | ||
| 653 | |a Ngôn ngữ | ||
| 653 | |a Quy luật | ||
| 942 | |2 ddc |c STK0 | ||
| 999 | |c 10471 |d 10471 | ||
| 952 | |0 0 |1 0 |2 ddc |4 0 |6 410_000000000000000_H450L |7 0 |8 400 |9 82393 |a qbu |b qbu |c D2 |d 2015-07-28 |g 30000 |o 410 H450L |p 10359.c1 |r 0000-00-00 |w 2015-07-28 |y STK0 | ||
| 952 | |0 0 |1 0 |2 ddc |4 0 |6 410_000000000000000_H450L |7 0 |8 400 |9 82394 |a qbu |b qbu |c D2 |d 2015-07-28 |g 30000 |l 1 |o 410 H450L |p 10359.c2 |r 2018-04-10 |s 2018-03-27 |w 2015-07-28 |y STK0 | ||
| 952 | |0 0 |1 0 |2 ddc |4 0 |6 410_000000000000000_H450L |7 0 |8 400 |9 82395 |a qbu |b qbu |c D2 |d 2015-07-28 |g 30000 |o 410 H450L |p 10359.c3 |r 0000-00-00 |w 2015-07-28 |y STK0 | ||
| 952 | |0 0 |1 0 |2 ddc |4 0 |6 410_000000000000000_H450L |7 0 |8 400 |9 82396 |a qbu |b qbu |c D2 |d 2015-07-28 |g 30000 |o 410 H450L |p 10359.c4 |r 0000-00-00 |w 2015-07-28 |y STK0 | ||
| 952 | |0 0 |1 0 |2 ddc |4 0 |6 410_000000000000000_H450L |7 0 |8 400 |9 82397 |a qbu |b qbu |c D2 |d 2015-07-28 |g 30000 |o 410 H450L |p 10359.c5 |r 0000-00-00 |w 2015-07-28 |y STK0 | ||
| 952 | |0 0 |1 0 |2 ddc |4 0 |6 410_000000000000000_H450L |7 0 |8 400 |9 82398 |a qbu |b qbu |c D2 |d 2015-07-28 |g 30000 |o 410 H450L |p 10359.c6 |r 0000-00-00 |w 2015-07-28 |y STK0 | ||
| 952 | |0 0 |1 0 |2 ddc |4 0 |6 410_000000000000000_H450L |7 0 |8 400 |9 82399 |a qbu |b qbu |c D2 |d 2015-07-28 |g 30000 |o 410 H450L |p 10359.c7 |r 0000-00-00 |w 2015-07-28 |y STK0 | ||
| 952 | |0 0 |1 0 |2 ddc |4 0 |6 410_000000000000000_H450L |7 0 |8 400 |9 82400 |a qbu |b qbu |c D2 |d 2015-07-28 |g 30000 |o 410 H450L |p 10359.c8 |r 0000-00-00 |w 2015-07-28 |y STK0 | ||
| 952 | |0 0 |1 0 |2 ddc |4 0 |6 410_000000000000000_H450L |7 0 |8 400 |9 82401 |a qbu |b qbu |c D2 |d 2015-07-28 |g 30000 |o 410 H450L |p 10359.c9 |r 0000-00-00 |w 2015-07-28 |y STK0 | ||